[Event "AUTO-INT-1155"]
[Site "http://www.queenalice.com/game.php?id=516353"]
[Date "2009.1.3"]
[Round "1"]
[White "J_Ricardo"]
[Black "higor"]
[Result "1-0"]
[WhiteElo "1554"]
[BlackElo "1648"]

1. e4 d5 2. e5 d4 3. d3 e6 4. Nf3 Nc6 5. Bf4 h6 6. Be2 b6 7. c3 g5 8. Bd2 dxc3
9. Bxc3 Nge7 10. d4 a6 11. Nbd2 Nd5 12. Ne4 g4 13. Nfd2 h5 14. Nf6+ Nxf6 15.
exf6 Bb4 16. O-O 1-0

[Event "AUTO-INT-1155"]
[Site "http://www.queenalice.com/game.php?id=516354"]
[Date "2009.1.3"]
[Round "1"]
[White "higor"]
[Black "J_Ricardo"]
[Result "0-1"]
[WhiteElo "1670"]
[BlackElo "1532"]

1. e4 e5 2. d3 d6 3. h3 Nc6 4. Nf3 Nf6 5. Bg5 h6 6. Bxf6 Qxf6 7. Nc3 Be6 8. Nb5
O-O-O 9. c4 g5 10. a3 h5 11. Qd2 g4 12. Qg5 Be7 13. Qxf6 Bxf6 14. hxg4 Bxg4 15.
Be2 a6 16. Nc3 Na5 0-1

[Event "AUTO-INT-1155"]
[Site "http://www.queenalice.com/game.php?id=516369"]
[Date "2009.1.3"]
[Round "1"]
[White "Pankiller"]
[Black "higor"]
[Result "1-0"]
[WhiteElo "1747"]
[BlackElo "1683"]

1. d4 d5 2. Nf3 f6 3. e3 c6 4. Bd3 Bg4 5. Be2 Nh6 6. Nbd2 Nf5 7. b3 e6 8. h3
Bxf3 9. Nxf3 Bd6 10. c4 b6 11. O-O O-O 12. Bd3 c5 13. cxd5 Qe7 14. dxe6 Nxd4 15.
exd4 cxd4 16. Nxd4 Kh8 17. Bc4 g6 18. Bh6 1-0

[Event "AUTO-INT-1155"]
[Site "http://www.queenalice.com/game.php?id=516370"]
[Date "2009.1.3"]
[Round "1"]
[White "higor"]
[Black "Pankiller"]
[Result "0-1"]
[WhiteElo "1698"]
[BlackElo "1732"]

1. e4 e5 2. d3 Bd6 3. a3 Nf6 4. h3 Nc6 5. Be3 b6 6. Nc3 Bb7 7. Nf3 Qe7 8. Bg5
O-O-O 9. Nd5 Qe6 10. c3 h6 11. Bxf6 gxf6 12. b4 Ne7 13. Nxe7+ Bxe7 14. Nh4 Rhg8
15. Nf5 Rg6 16. c4 a6 17. Qh5 Rh8 18. h4 c6 0-1

[Event "AUTO-INT-1155"]
[Site "http://www.queenalice.com/game.php?id=516381"]
[Date "2009.1.3"]
[Round "1"]
[White "higor"]
[Black "pedepano"]
[Result "1-0"]
[WhiteElo "1683"]
[BlackElo "1651"]

1. e4 e5 2. d3 Nc6 3. a3 d6 4. g3 Nf6 5. Bg5 Be7 6. Bxf6 Bxf6 7. Nc3 h5 8. h4
Nd4 9. Nd5 Bg4 10. Be2 Qd7 11. c3 c6 12. Bxg4 Qxg4 13. Nc7+ Ke7 14. Nxa8 Rxa8
15. Qxg4 hxg4 16. cxd4 exd4 17. Ne2 1-0

[Event "AUTO-INT-1155"]
[Site "http://www.queenalice.com/game.php?id=516382"]
[Date "2009.1.3"]
[Round "1"]
[White "pedepano"]
[Black "higor"]
[Result "0-1"]
[WhiteElo "1609"]
[BlackElo "1628"]

1. e4 e5 2. Nf3 d6 3. d4 Qe7 4. Nc3 Nf6 5. Bg5 Bg4 6. Be2 Bxf3 7. Bxf3 h6 8. Bh4
g5 9. Bg3 c6 10. d5 c5 11. O-O a6 12. Na4 Qc7 13. a3 b5 14. Nc3 h5 15. h3 g4 16.
hxg4 hxg4 17. Bxg4 Qd8 18. Qe2 Nxg4 19. Qxg4 Nd7 20. f4 exf4 21. Bxf4 Qh4 22.
Qxh4 Rxh4 23. Rf3 O-O-O 24. Bg5 Rh7 25. Bxd8 Kxd8 26. Raf1 Ne5 27. Rh3 Rg7 28.
Rh8 Ke7 29. Ne2 Rg4 30. Rf4 Rg6 0-1

[Event "AUTO-INT-1983"]
[Site "http://www.queenalice.com/game.php?id=913579"]
[Date "2011.3.16"]
[Round "1"]
[White "higor"]
[Black "Stewart_The_Great"]
[Result "0-1"]
[WhiteElo "1615"]
[BlackElo "1613"]

1. e4 e5 2. d4 Qh4 3. Qd3 exd4 4. Nf3 Qf6 5. Bg5 Qb6 6. Qxd4 c5 7. Qc3 Nc6 8. a3
h6 9. Be3 Nf6 10. Bd3 d5 11. exd5 Nd8 0-1

[Event "AUTO-INT-1983"]
[Site "http://www.queenalice.com/game.php?id=913580"]
[Date "2011.3.16"]
[Round "1"]
[White "Stewart_The_Great"]
[Black "higor"]
[Result "1-0"]
[WhiteElo "1629"]
[BlackElo "1599"]

1. e4 e5 2. Qh5 Qf6 3. d3 Nc6 4. Bg5 Qe6 5. Nf3 g6 6. Qh4 Nb4 7. Na3 a6 8. c3
Nxa2 9. d4 d5 10. Bf6 Qxf6 11. dxe5 1-0

[Event "Paciencia "]
[Site "http://www.queenalice.com/game.php?id=1430550"]
[Date "2016.7.6"]
[Round "-"]
[White "higor"]
[Black "victorlobo"]
[Result "1-0"]
[WhiteElo "1606"]
[BlackElo "1619"]

1. e4 e5 2. d3 Bc5 3. Qe2 Qf6 4. Be3 Bxe3 5. Qxe3 Nh6 6. h3 Nc6 7. c3 g5 8. g4
Ne7 9. Nd2 d5 10. Ngf3 dxe4 11. Nxe4 Qf4 12. Qxf4 exf4 13. Nf6+ Kf8 14. O-O-O
Kg7 15. Nh5+ Kf8 16. Nxg5 f5 17. Nxf4 Nf7 18. Nfe6+ Bxe6 19. Nxe6+ Kg8 20. gxf5
h5 21. Rg1+ Kh7 22. Rg7+ Kh6 23. Rxf7 Nd5 24. Bg2 c6 25. Bxd5 cxd5 26. Rxb7 Rhg8
27. h4 a5 28. Ng5 Rg7 29. Rb6+ 1-0

[Event "AUTO-INT-3151"]
[Site "http://www.queenalice.com/game.php?id=1430617"]
[Date "2016.7.6"]
[Round "1"]
[White "Manoeljoaquim"]
[Black "higor"]
[Result "1-0"]
[WhiteElo "1913"]
[BlackElo "1623"]

1. d4 d5 2. Nc3 c6 3. Nf3 e6 4. e3 Bb4 5. Bd2 Bxc3 6. Bxc3 f6 7. Bd3 g5 8. Nxg5
fxg5 9. Qh5+ Kd7 10. O-O-O Nf6 11. Qxg5 Rg8 12. Qh4 Rg7 13. f4 b5 14. h3 a5 15.
g4 Ne4 16. Qxd8+ Kxd8 17. Bxe4 Nd7 18. Bd3 Bb7 19. g5 b4 20. Bd2 Ba6 21. Bxa6
Rxa6 22. Kb1 Nf8 23. h4 b3 24. cxb3 a4 25. Bb4 Nd7 26. bxa4 Rxa4 27. Ba3 1-0

[Event "AUTO-INT-3151"]
[Site "http://www.queenalice.com/game.php?id=1430618"]
[Date "2016.7.6"]
[Round "1"]
[White "higor"]
[Black "Manoeljoaquim"]
[Result "0-1"]
[WhiteElo "1619"]
[BlackElo "1917"]

1. e4 e5 2. d3 Nc6 3. Nf3 Nf6 4. h3 d6 5. Bg5 Be7 6. Bxf6 Bxf6 7. c3 Be6 8. b4
a6 9. a3 h6 10. Be2 Qe7 11. Qc2 d5 12. c4 d4 13. Nbd2 O-O 14. O-O-O b5 15. Nb1
Rfb8 16. Kd2 bxc4 17. dxc4 Nxb4 18. Qa4 a5 19. g3 c5 20. g4 d3 21. Bxd3 Nxd3 22.
Kxd3 Qb7 23. Nc3 Rd8+ 24. Ke2 Qb2+ 25. Kf1 Qxc3 26. Kg2 Rxd1 27. Rxd1 Qxc4 0-1

[Event "AUTO-INT-3151"]
[Site "http://www.queenalice.com/game.php?id=1430633"]
[Date "2016.7.6"]
[Round "1"]
[White "higor"]
[Black "Ruusgugg"]
[Result "1-0"]
[WhiteElo "1615"]
[BlackElo "1381"]

1. e4 e5 2. d3 d5 3. f3 d4 4. c4 f5 5. g4 fxg4 6. fxg4 h5 7. g5 Bg4 8. Qd2 c6 9.
h3 Be6 10. b4 c5 11. Ba3 Be7 12. Nf3 a5 13. b5 Nd7 14. h4 Bg4 15. Qf2 a4 16. g6
Rh6 17. Nxd4 Rxg6 18. Nc2 Rf6 19. Qd2 Rf3 20. Be2 Rf4 21. Nc3 Bd6 22. O-O-O Be6
23. Bxh5+ Bf7 24. Bxf7+ Rxf7 25. Nd5 Nh6 26. Rdg1 Nf6 27. Nce3 Qd7 28. Nb6 Qd8
29. Nxa8 Qxa8 30. Nf5 Nxf5 31. exf5 Qd8 32. h5 e4 33. d4 cxd4 34. Bxd6 Qxd6 35.
h6 e3 36. Qd3 gxh6 37. Rxh6 Qf8 38. Rgh1 Re7 39. Rh8 Ng8 40. Qxd4 e2 41. Re1 Qf7
42. Kd2 Rd7 43. Rxe2+ Kf8 44. Qxd7 Qxd7+ 45. Ke1 Qxf5 46. Rf2 Kg7 47. Rxg8+ Kxg8
48. Rxf5 Kg7 49. c5 1-0